000 00482nam a22001457a 4500
082 _a620.1910287
_bMAN
_cL-NUST,P-15
100 _aMandal J.N and Divshikar D.G
_940898
245 _aSoil Testing in civil engineering
_cMandal J.N and Divshikar D.G
260 _aNew Delhi
_bOxford & IBH Publishing Co
_c1993
300 _axvi, 249 p,:
_bill,
526 _a0
_b0
_c0
_d620_191028700000000_MAN
650 _aNUST
_96342
700 _aMandal J.N and Divshikar D.G
_940898
942 _2ddc
_cBK
999 _c545125
_d545125